002980000a2200085000450024500870000004100130008750000450010010000220014577300450016710aFunctional classification for analysis of the structure of dung beetle assemblages0 aInglés a1 aDoube, Bernard M.1 tEcological Entomologyh15q371-383d1990